000 00737nam a2200265 i 4500
001 C2-0230048
003 PPAK
005 20180728160616.0
008 001023s2000 my a|||| ||||| | may d
020 _a9831110781
040 _aPPAK
_beng
_cPPAK
_erda
082 0 4 _a499.2386
_223
090 0 0 _a499.2386
_bROZ
_dK
100 0 _aRozita Mohamed,
_eauthor
245 1 0 _aSayang si Bayu
264 1 _aKuala Lumpur :
_bPenerbit Tetra-Sinar ,
_c2000
300 _a58 pages :
_bcolour illustrations ;
_c22 cm
336 _2rdacontent
_atext
337 _2rdamedia
_aunmediated
338 _2rdacarrier
_avolume
490 1 _aSiri damailah bumi
650 1 0 _aBahasa Melayu - Readers
830 0 _aSiri damailah bumi
942 _ddc
_cB
999 _c149555
_d149555